Sociálna klíma v pracovných kolektívoch

Bibliographic Details
Main Author: Uram, Ján (Author)
Format: Article
Language:Slovak
PhysicalDescription:Tb. Graf. Pozn.
Subjects:

MARC

LEADER 00000nab a2200000 a 4500
001 vtls000128823
003 SK-MaSNL
005 20260304060242.0
008 250422c1982 xo 0 slo
015 |a SNBRB19rr/mm-uuuuu 
035 |a CL0138928 
035 |a urn:nbn:sk:snk-ab2818 
035 |a (urnnbn)urn:nbn:sk:snk:ar-a01wyo 
035 |a (uuid)b9d69faa-d75b-4213-be43-73f5703838d5 
040 |a SNKBUCL  |b slo  |c SNKBUCL  |e AACR2 
041 0 |a slo 
044 |a xo  |c SK 
080 |a 331.5  |2 1981 
080 |a 331.18  |2 1981 
080 |a 331.82  |2 1981 
080 |a 303  |2 1981 
100 1 |a Uram, Ján  |4 aut  |9 277249 
245 1 0 |a Sociálna klíma v pracovných kolektívoch  |c Ján Uram 
300 |b Tb. Graf. Pozn. 
650 0 7 |a kolektívy pracovné  |2 snkbucl  |9 902884 
650 0 7 |a fluktuácia zamestnancov  |2 snkbucl  |9 162543 
650 0 7 |a sociologický výskum  |2 snkbucl  |9 1011 
655 7 |a články z novín a časopisov  |2 snkbucl  |9 267496 
773 0 |t Sociológia  |g Roč. 14, č. 1 (1982), s. 103-109 
850 |a Slovenská národná knižnica 
852 |a Slovenská národná knižnica 
954 |a odborná, vedecká literatúra pôvodná (slovenská)  |2 lita 
958 |a article27 
958 |a RK 
958 |a OND 
958 |a EUIPO 
992 |a RBX 
999 |c 2727921  |d 2729851